Miasto Kraków Część viii Kleparz, kościoły i klasztory

Bibliographic Details
Other Authors: Rejduch-Samkowa, Izabella (edi), Samko, Jan (edi)
Format: Book
Language:Polish
PhysicalDescription:xx, 113 s., 390 obr. na príl. fotogr., mp. 17 cm
Published: Warszawa Instytut Sztuki Polskiej Akademii Nauk 2000
ISBN:8385938834
Series:Katalog zabytków sztuki w Polsce. Seria nowa
Subjects:

MARC

LEADER 00000nam a2200000 a 4500
001 vtls001437846
003 SK-MaSNL
005 20260301072817.0
008 251113sm y0 PL a r 0 pol
020 |a 8385938834  |c [300,00] 
035 |a SNK000392974 
040 |a SNK  |b slo  |c SNK  |e AACR2 
043 |a e-pl--- 
044 |a PL 
072 7 |a 72  |2 konspekt 
080 |a 726.6  |2 1981 
080 |a 726.52  |2 1981 
080 |a 726.9  |2 1981 
080 |a 72:904  |2 1981 
080 |a (438)  |2 1981 
245 1 |a Miasto Kraków  |c pod redakcją Izabelli Rejduch-Samkowej i Jana Samka  |n Część viii  |p Kleparz, kościoły i klasztory 
260 |a Warszawa  |b Instytut Sztuki Polskiej Akademii Nauk  |c 2000 
300 |a xx, 113 s., 390 obr. na príl.  |b fotogr., mp.  |c 17 cm 
490 1 |a Katalog zabytków sztuki w Polsce. Seria nowa  |v t. 4 
650 0 7 |a katedrály  |2 SNK  |9 3032 
650 0 7 |a kostoly  |2 SNK  |9 3023 
650 0 7 |a kláštory  |2 SNK  |9 3024 
650 0 7 |a architektonické pamiatky  |z Krakov (Poľsko)  |2 SNK  |9 392874 
650 0 7 |a architektúra  |2 konspekt  |9 722 
651 7 |a Krakov (Poľsko)  |2 SNK  |9 17377 
655 7 |a textové kalendáre  |2 SNK  |9 60816 
655 7 |a monografie  |2 SNK  |9 70139 
655 7 |a fotografické publikácie  |2 SNK  |9 70483 
700 1 |a Rejduch-Samkowa, Izabella  |4 edi  |9 392875 
700 1 |a Samko, Jan  |4 edi  |9 392876 
830 0 |a Katalog zabytków sztuki w Polsce. Seria nowa  |9 282275 
919 |a 83-85938-83-4 
999 |c 642215  |d 644145 
952 |t P60, <04>, [BOOK], {604}  |a SNK  |b SNK  |y VYP  |7 0  |p 17A0353927  |o snkID 94923/4/8  |i snkV 903/2002  |0 0  |1 0  |4 0  |d 2002-08-22  |l 0  |r 2005-01-02 00:00:00  |w 2026-02-23